000 00602nam a2200193Ia 4500
003 GCL
008 140319s9999 xx 000 0 ara d
040 _aGCL /
_cGCL
082 0 4 _a818.03
_bع ا
100 1 _aعبدالله العراوى
245 1 0 _aاوراق سيرة ادريس الذهنية . /
_cعبدالله العراوى
700 1 _aعبدالله العروبى
260 _a[S.N] :
_bالمركز الثقافى العربى ،
_c1989
300 _a255ص
490 _a
650 0 4 _aالتراجم الذاتية
650 0 4 _aعبدالله العروى
942 _2ddc
_cBK
999 _c58855
_d58855